| 000 | 01043nam0a22002891 4500 | ||
|---|---|---|---|
| 001 | rc\3272474 | ||
| 005 | 20250609202426.0 | ||
| 021 |
_aRU _b[72-44597] |
||
| 035 | _a(NLR Aleph) 007488538 | ||
| 090 |
_a7592480 _c7592480 |
||
| 100 | _a20130115d1972 |||y0rusy50 ca | ||
| 101 | 0 | _arus | |
| 102 | _aRU | ||
| 105 | _aa z ||||| | ||
| 200 | 1 | _aКислотная обработка песчаных коллекторов | |
| 210 |
_aМосква _cНедра _d1972 |
||
| 215 |
_a173 с. _cчерт. _d21 |
||
| 320 | _aСписок лит.: с. 165-171 (122 назв.) | ||
| 606 |
_aНефтяные скважины _xОбработка кислотная _2psbo |
||
| 700 | 1 |
_aЗайцев _bЮ. В. _cд-р техн. наук, газовая пром-ть _f1931-2009 _gЮрий Васильевич _9224932 _3RU\NLR\AUTH\770224988 |
|
| 701 | 1 |
_aКроль _bВ.С. _gВладимир Семенович |
|
| 801 | 0 |
_aRU _bNLR _gpsbo |
|
| 801 | 1 |
_aRU _bELAR _2rusmarc |
|
| 852 |
_aNLR _j72-5/1024 |
||
| 942 | _cBOOK | ||
| 980 | _aNB | ||